Statistiques concernant Quiz sur la Palestine

Cliquez ici pour prendre le quiz!

Statistiques générales

  • Ce quiz a été pris 3 308 fois
  • Le résultat moyen est 12 sur 20

Statistiques - réponses

QuestionRéponse% Correct
Capitale proclamée{Jérusalem}-Est
98%
Langue officielleArabe
97%
Les deux territoires formant la Palestine actuelleBande de {Gaza}
96%
Pays frontaliers de la PalestineIsraël
96%
Pays frontaliers de la PalestineJordanie
94%
Pays frontaliers de la PalestineÉgypte
85%
Pays qui administrait la Palestine de 1922 à 1947Royaume-Uni
78%
Les deux territoires formant la Palestine actuelleCisjordanie
65%
Pays qui contrôlait la Palestine entre 1516 et 1922Empire Ottoman
61%
Ville natale de Jésus selon la BibleBethléem
58%
Parti islamiste qui dirige ce dernierHamas
57%
Dirigeant de l'Organisation de Libération de la Palestine entre 1969 et 2004Yasser Arafat
49%
Nom donné aux révoltes palestiniennes de 1987 et de 2000Intifada
46%
Capitale, de factoRamallah
39%
Patriarche biblique qui serait enterré dans cette villeAbraham
34%
Président actuel de l'Autorité palestinienneMahmoud Abbas
33%
Plus vieille ville de Palestine, et peut-être même du monde entier, connue pour ses mursJéricho
31%
Royaume antique dirigé par Hérode que l'Empire Romain a annexé en l'an 6Judée
26%
Plus grande ville contrôlée par celle-ciHébron
18%
Nom donné à la région comprenant notamment la Palestine durant l'Âge de BronzeC{anaan}
16%

Distribution des résultats

Percentile par nombre de réponses

% des personnes avec chaque résultat

Votre développement - résultats

Vous n’avez pas pris ce quiz